Welcome to the Holygrace Academy Library

Please use search bar below to get started

IRUPATHIYONNAM NOOTANDILEKULLA UPANYASANGAL (Record no. 1102)

MARC details
000 -LEADER
fixed length control field 00343nam a22001337a 4500
082 ## - DEWEY DECIMAL CLASSIFICATION NUMBER
Classification number 894.812
Item number IDI/I
100 ## - MAIN ENTRY--AUTHOR NAME
Personal name JOSE IDIKKULA
245 ## - TITLE STATEMENT
Title IRUPATHIYONNAM NOOTANDILEKULLA UPANYASANGAL
250 ## - EDITION STATEMENT
Edition statement FIRST EDITION JULY 2002
260 ## - PUBLICATION, DISTRIBUTION, ETC. (IMPRINT)
Place of publication PALA
Name of publisher SINCERE PUBLICATIONS
Year of publication 2005
300 ## - PHYSICAL DESCRIPTION
Number of Pages 287
650 ## - SUBJECT ADDED ENTRY--TOPICAL TERM
Topical Term MALAYALAM ESSAYS
Geographic subdivision KERALA
942 ## - ADDED ENTRY ELEMENTS (KOHA)
Koha item type Books
Holdings
Withdrawn status Lost status Collection code Home library Current library Shelving location Date acquired Source of acquisition Cost, normal purchase price Full call number Accession Number Koha item type
    Reference Main Library Main Library SHELF -6A - MALAYALAM GRAMMAR,ESSAYS,GENERAL 06/10/2012 purchase 135.00 894.812 IDI/I 04111 Books